000 00467nam a2200181Ia 4500
001 22659
005 20260414150845.0
008 260414t2017||||xx |||||||||||||| ||spa||
041 _aESP
082 _a621.3827
_bM28
100 _aMatias, Ignacio R.
_eAUT
245 0 _aFiber optic sensors :
_bcurrent status and future possibilities
260 _c2017
300 _aviii, 381 páginas :
_c24 cm.
650 _aTCA
654 _aCET
942 _cLIB
_dJUS
_fJUS
_2ddc
_n
999 _c22659
_d22659